Критерии оценки состояния безопасности ядерных установок; АНРИ; Аппаратура и новости радиационных измерений; № 1
| Parent link: | АНРИ.— , 2000- Аппаратура и новости радиационных измерений: научно-информационный журнал/ Доза ; Государственный комитет по санэпиднадзору РФ ; Метрологическая академия РФ № 1.— 2005.— С. 35-38 |
|---|---|
| Hlavní autor: | |
| Jazyk: | ruština |
| Vydáno: |
2005
|
| Edice: | Новости |
| Témata: | |
| Médium: | Kapitola |
| KOHA link: | https://koha.lib.tpu.ru/cgi-bin/koha/opac-detail.pl?biblionumber=396683 |
MARC
| LEADER | 00000naa2a2200000 4500 | ||
|---|---|---|---|
| 001 | 396683 | ||
| 005 | 20231101064809.0 | ||
| 035 | |a (RuTPU)RU\TPU\prd\35069 | ||
| 090 | |a 396683 | ||
| 100 | |a 20050419a2005 k y0rusy50 ca | ||
| 101 | 0 | |a rus | |
| 102 | |a RU | ||
| 200 | 1 | |a Критерии оценки состояния безопасности ядерных установок |f Н. Н. Скулкин | |
| 225 | 1 | |a Новости | |
| 320 | |a Библиогр.: 8 назв. | ||
| 461 | 0 | |0 (RuTPU)RU\TPU\prd\1302 |t АНРИ |d 2000- | |
| 461 | |t Аппаратура и новости радиационных измерений |o научно-информационный журнал |f Доза ; Государственный комитет по санэпиднадзору РФ ; Метрологическая академия РФ | ||
| 463 | 0 | |0 (RuTPU)RU\TPU\prd\34489 |t № 1 |v С. 35-38 |d 2005 | |
| 610 | 1 | |a ядерные установки | |
| 610 | 1 | |a безопасность | |
| 610 | 1 | |a критерии оценки | |
| 610 | 1 | |a федеральные законы | |
| 610 | 1 | |a техническое регулирование | |
| 700 | 1 | |a Скулкин |b Н. Н. | |
| 801 | 1 | |a RU |b 63413507 |c 20050419 |g PSBO | |
| 801 | 2 | |a RU |b 63413507 |c 20120321 |g RCR | |
| 942 | |c BK | ||